000
00323nam a2200133Ia 4500
008
191206s9999 xx 000 0 und d
020
_a
014020072X
090
_a
PR85E8
245
2
_a
A Short History of English literature
250
_a
4TH ED. REV.
260
_a
Penguin Books
260
_c
c1976
300
_a
204 p. 19 cm.
999
_c
15378
_d
15378